00669nam a2200241 a 4500001001300000003000900013005001700022008004100039020001000080082001700090100002000107245001400127260005400141300000800195500003500203505000900238650001300247700002000260902000800280942000700288952011700295999001500412nice12345678IN_TiNIC20260116011744.0050524s1945 hyda grp 000 0 urd  ac10000a297.831bISM aIsmail, Saiyyid aNurul Haq aHyderabad bMarkazi Anjuman Taleemus Salat c1945 a36p aincludes index and biblioraphy2 aill. aMahdavia1 aIsmail, Saiyyid bSRS cBK 001040708StackRoom-aHMIbHMId2007-06-29g100.00l0o297.831 ISMp06053r2007-06-29v100.00w2005-05-24yBK c3729d3729